000 01102nam0a22002771 4500
001 rc\605631
005 20031121163639.8
035 _a(NLR Aleph) 005849749
090 _a5766162
_c5766162
100 _a20031121d1986 u |0rusy50 ca
101 0 _arus
102 _aRU
105 _aa |||||||||
200 1 _aГидродинамика и теплообмен при парообразовании
_e[Учеб. пособие для высш. техн. учеб. заведений]
_fА.М. Кутепов, Л.С. Стерман, Н.Г. Стюшин
205 _a3-е изд., испр.
210 _aМ.
_cВысш. школа
_d1986
215 _a447, [1] с., [1] л. ил.
_cил.
_d22
320 _aБиблиогр.: с. 436-445 (209 назв.)
700 1 _aКутепов
_bА. М.
_f1929-
_gАлексей Митрофанович
701 1 _aСтерман
_bЛ. С.
_gЛев Самойлович
701 1 _aСтюшин
_bН. Г.
_gНиколай Гаврилович
801 0 _aRU
_bNLR
_gpsbo
801 1 _aRU
_bELAR
_2rusmarc
852 _aNLR
_j86-5/4156
942 _cBOOK
980 _aNB